banner-ar

روجيه غارودى يقاضى الصهيونية الاسرائيلية / (Record no. 66292)

MARC details
000 -الفاتح
حقل البيانات ثابتة الطول 01009nam a2200253Ia 4500
005 - وقت وتاريخ اخر تعامل مع التسجيلة
رقم الضبط 20240530110910.0
008 - عناصر البيانات ثابتة الطول - معلومات عامة
حقل البيانات ثابتة الطول 140319s2000 le g 000 0 ara d
040 ## - مصدر الفهرسة
وكالة الفهرسة الأصلية GCL /
وكالة النسخ GCL
082 04 - رقم تصنيف ديوى العشرى
رقم التصنيف 320.54095694/
رقم المادة ج ر
100 1# - المدخل الرئيسى - إسم شخصى
الإسم الشخصى جارودى، روجيه
245 10 - بيان العنوان
العنوان روجيه غارودى يقاضى الصهيونية الاسرائيلية /
بيان المسئوليه,etc روجيه جارودى ؛ ترجمة رانيا بوناصف، بيار ريشا ؛ مراجعة وتحرير هنرى زغيب
250 ## - بيان الطبعة
بيان الطبعة ط.2
260 ## - PUBLICATION, DISTRIBUTION, ETC. (IMPRINT)
تاريخ النشر أو التوزيع 2000
300 ## - الوصف المادى
التعداد 142 ص ؛
أبعاد الوعاء 24 سم
650 07 - المدخل الاضافى بالموضوع-مصطلح موضوعى
مصدر الرأس أو المصطلح qrmak
مصطلح موضوعي اسرائيل
650 07 - المدخل الاضافى بالموضوع-مصطلح موضوعى
مصدر الرأس أو المصطلح qrmak
مصطلح موضوعي الصهيونية
650 07 - المدخل الاضافى بالموضوع-مصطلح موضوعى
مصدر الرأس أو المصطلح qrmak
مصطلح موضوعي الصهيونية واليهودية
700 0# - المدخل الاضافى - اسم شخصى
الإسم الشخصى رانيا بوناصف
الدور مترجم
700 0# - المدخل الاضافى - اسم شخصى
الإسم الشخصى بيار ريشا
الدور مترجم مساعد
700 0# - المدخل الاضافى - اسم شخصى
الإسم الشخصى هنرى زغيب
الدور مراجع ومحرر
942 ## - عناصر المدخل الإضافي( كوها)
مصدر التصنيف او مخطط الترفيف Dewey Decimal Classification
Koha [default] item type كتاب
260 ## - PUBLICATION, DISTRIBUTION, ETC. (IMPRINT)
-- بيروت :
-- عويدات للنشر والطباعة،
Holdings
حالة التراجع حالة الفقد مصدر التصنيف او خطة الترفيف حالة تلف ليس للاعارة المكان المؤقت الموقع الحالى موقع الترفيف تاريخ الاكتساب اجمالي اﻻعارات رقم الطلب الباركود تاريخ اخر مشاهدة تاريخ تفعيل السعر نوع وعاء كوها
    ddc     مكتبة القاهرة الكبرى مكتبة القاهرة الكبرى ق الرئيسية_العلوم الاجتماعية_ك عربى 03/10/2022   320.54095694/ ج ر 167589 03/10/2022 03/10/2022 كتاب

Powered By

EGPV